Saving taxes through capital gains.

Bibliographic Details
Main Author: Herzberg, Arno, 1907-
Format: Book
Language:English
Published: Englewood Cliffs, N. J. : Prentice-Hall, 1957.
Subjects:

MARC

Tag First Indicator Second Indicator Subfields
LEADER 00000cam a2200000 4500
001 in00000062099
005 20151008051118.0
008 730626s1957 nju 00000 eng
010 |a  57007292  
035 |a (OCoLC)00646740 
035 |9 AAG5814AM 
040 |a DLC  |c CSU  |d TXA  |d UtOrBLW 
049 |a TXAM  |c [283031] 
050 0 |a HJ4653.C3  |b H47 
082 0 |a 336.24 
092 |a 336.24  |b H582s 
100 1 |a Herzberg, Arno,  |d 1907- 
245 1 0 |a Saving taxes through capital gains. 
264 1 |a Englewood Cliffs, N. J. :  |b Prentice-Hall,  |c 1957. 
300 |a 430p. ;  |c 24cm. 
336 |a text  |b txt  |2 rdacontent 
337 |a unmediated  |b n  |2 rdamedia 
338 |a volume  |b nc  |2 rdacarrier 
650 0 |a Capital gains tax  |z United States. 
650 0 |a Tax planning  |z United States. 
999 |a MARS 
999 f f |s e2e3d583-ce45-3333-bda5-bde3a853003f  |i 26898d9a-d67f-34f4-a2bf-1231b06cbfeb  |t 0 
952 f f |p ric  |a Texas A&M University  |b Rellis Campus  |c Joint Library Facility  |d Remote Storage  |t 0  |e HJ4653.C3 H47  |h Library of Congress classification  |i unmediated -- volume  |m A14800749651 
998 f f |a HJ4653.C3 H47  |t 0  |l Remote Storage